[Event "Bosnjaci op 24th"]
[Site "Bosnjaci"]
[Date "2019.01.08"]
[Round "8"]
[White "Boban, Sten"]
[Black "Kolanovic, Kazimir"]
[Result "1-0"]
[WhiteElo "2105"]
[BlackElo "1851"]
[PlyCount "35"]
[EventDate "2019.01.03"]
[EventType "swiss"]
[EventRounds "9"]
[EventCountry "CRO"]
[SourceTitle "CBM 188 Extra"]
[Source "ChessBase"]
[SourceDate "2019.02.26"]
[SourceVersion "1"]
[SourceVersionDate "2019.02.26"]
[SourceQuality "1"]

1. d4 Nf6 2. Nf3 g6 3. g3 d5 4. Bg2 Bg7 5. 0-0 0-0 6. c4 dxc4 7. Qa4 c5 8. dxc5 Qc7 9. Qxc4 Na6 10. c6 Be6 11. Qh4 Qxc6 12. Nc3 Qc8 13. Bh6 Nc7 14. Rac1 Bxh6 15. Qxh6 Nce8 16. Ng5 Qc7 17. e4 Ng7 18. Nd5 1-0

[Event "Bosnjaci op 24th"]
[Site "Bosnjaci"]
[Date "2019.01.06"]
[Round "5"]
[White "Dabic, Stjepan"]
[Black "Kolanovic, Kazimir"]
[Result "1-0"]
[WhiteElo "2077"]
[BlackElo "1851"]
[PlyCount "71"]
[EventDate "2019.01.03"]
[EventType "swiss"]
[EventRounds "9"]
[EventCountry "CRO"]
[SourceTitle "CBM 188 Extra"]
[Source "ChessBase"]
[SourceDate "2019.02.26"]
[SourceVersion "1"]
[SourceVersionDate "2019.02.26"]
[SourceQuality "1"]

1. d4 Nf6 2. c4 c5 3. d5 e5 4. Nc3 d6 5. e4 Nbd7 6. Be3 g6 7. h3 Bg7 8. g4 0-0 9. Nge2 a6 10. Ng3 Ne8 11. Bd3 Nc7 12. Kf1 b5 13. b3 Rb8 14. Qe2 b4 15. Na4 Qe7 16. Rd1 Re8 17. Kg2 f6 18. h4 Qf8 19. Rdg1 Nb6 20. Nxb6 Rxb6 21. f3 Re7 22. Qc2 Rf7 23. Kf2 g5 24. hxg5 fxg5 25. Bxg5 Rxf3+ 26. Ke1 Rf6 27. Qh2 h6 28. Bxf6 Qxf6 29. g5 Qxg5 30. Nh5 Qe3+ 31. Qe2 Qxe2+ 32. Bxe2 Ne8 33. Nxg7 Nxg7 34. Rxh6 a5 35. Rhg6 Rb7 36. Rxd6 1-0

[Event "Bosnjaci op 24th"]
[Site "Bosnjaci"]
[Date "2019.01.04"]
[Round "2"]
[White "Kolanovic, Kazimir"]
[Black "Lazor, Vladimir"]
[Result "1/2-1/2"]
[WhiteElo "1851"]
[BlackElo "2164"]
[PlyCount "108"]
[EventDate "2019.01.03"]
[EventType "swiss"]
[EventRounds "9"]
[EventCountry "CRO"]
[SourceTitle "CBM 188 Extra"]
[Source "ChessBase"]
[SourceDate "2019.02.26"]
[SourceVersion "1"]
[SourceVersionDate "2019.02.26"]
[SourceQuality "1"]

1. d4 Nf6 2. c4 g6 3. Nc3 Bg7 4. e4 d6 5. f3 0-0 6. Be3 a6 7. Qd2 c6 8. Bd3 e5 9. Nge2 Nbd7 10. 0-0 Qe7 11. Rac1 exd4 12. Nxd4 Re8 13. Rfe1 Ne5 14. Bf1 Bd7 15. Nb3 Be6 16. Nb1 b5 17. Na3 Rac8 18. Nd4 Bd7 19. Kh1 c5 20. Nb3 b4 21. Nb1 Be6 22. Qc2 Nc6 23. Rcd1 a5 24. Nc1 Nd7 25. Ne2 Nb6 26. b3 Rcd8 27. a4 bxa3 28. Nxa3 Nb4 29. Qc1 a4 30. bxa4 Nxa4 31. Bg5 f6 32. Bf4 f5 33. Bg5 Bf6 34. Bxf6 Qxf6 35. Rd2 fxe4 36. fxe4 Bg4 37. Ng3 Nc6 38. Nb5 Nb6 39. Qb2 Qxb2 40. Rxb2 Nc8 41. Nc7 Rf8 42. h3 Bd7 43. Kg1 N8e7 44. Ne2 Ne5 45. Nc3 Bc6 46. Ne6 Rb8 47. Rd2 Rf6 48. Nc7 Rb4 49. N3b5 Nxc4 50. Bxc4+ Rxc4 51. Nxd6 Rd4 52. Rxd4 cxd4 53. e5 Rf8 54. Ne6 Ra8 1/2-1/2

[Event "Bosnjaci op 23rd"]
[Site "Bosnjaci"]
[Date "2018.01.04"]
[Round "2"]
[White "Kolanovic, Kazimir"]
[Black "Karabaic, Ivan"]
[Result "1/2-1/2"]
[WhiteElo "1871"]
[BlackElo "2182"]
[PlyCount "77"]
[EventDate "2018.01.03"]
[EventType "swiss"]
[EventRounds "9"]
[EventCountry "CRO"]
[SourceTitle "CBM 182 Extra"]
[Source "ChessBase"]
[SourceDate "2018.02.23"]
[SourceVersion "1"]
[SourceVersionDate "2018.02.23"]
[SourceQuality "1"]

1. d4 Nf6 2. c4 e6 3. Nf3 Bb4+ 4. Bd2 a5 5. a3 Be7 6. Nc3 0-0 7. g3 b6 8. Bg2 Bb7 9. Qc2 Qc8 10. 0-0 d6 11. Rfe1 c5 12. Na4 Nbd7 13. Rac1 Be4 14. Qd1 Qb7 15. e3 Rfd8 16. Nc3 Bc6 17. b3 Rac8 18. Qe2 d5 19. Ne5 Nxe5 20. dxe5 Ne4 21. Nxe4 dxe4 22. a4 Rd3 23. Bc3 Rcd8 24. Qc2 f6 25. Bh3 Qd7 26. Bf1 fxe5 27. Be2 Bf6 28. Red1 Bb7 29. Kf1 Qc6 30. Ke1 Kf7 31. Rd2 Ke7 32. Rb1 Rxd2 33. Bxd2 Qe8 34. Rd1 Bc6 35. Bc3 g5 36. Rxd8 Qxd8 37. Qd1 Qxd1+ 38. Kxd1 Be8 39. g4 1/2-1/2

[Event "Bosnjaci op 23rd"]
[Site "Bosnjaci"]
[Date "2018.01.04"]
[Round "3"]
[White "Popovic, Milan S"]
[Black "Kolanovic, Kazimir"]
[Result "1-0"]
[WhiteElo "2264"]
[BlackElo "1871"]
[PlyCount "79"]
[EventDate "2018.01.03"]
[EventType "swiss"]
[EventRounds "9"]
[EventCountry "CRO"]
[SourceTitle "CBM 182 Extra"]
[Source "ChessBase"]
[SourceDate "2018.02.23"]
[SourceVersion "1"]
[SourceVersionDate "2018.02.23"]
[SourceQuality "1"]

1. e4 d6 2. Nc3 Nf6 3. d4 g6 4. f4 Bg7 5. Nf3 0-0 6. e5 Ne8 7. Be3 c6 8. Qd2 a5 9. h4 h5 10. Bd3 Na6 11. f5 Bxf5 12. Bxf5 gxf5 13. Bh6 e6 14. Bxg7 Kxg7 15. Rh3 Rh8 16. Rg3+ Kf8 17. Qf2 Nb4 18. 0-0-0 Nd5 19. Nxd5 cxd5 20. Ng5 Rc8 21. Rdd3 b5 22. Rc3 b4 23. Rxc8 Qxc8 24. Qf4 Qc7 25. a3 dxe5 26. dxe5 Qc4 27. Qf2 Ke7 28. axb4 axb4 29. b3 Qc6 30. Qd4 f6 31. Qxb4+ Kd7 32. Nf3 Qc7 33. Qa4+ Qc6 34. Qa7+ Qc7 35. Qd4 Rf8 36. Rg6 fxe5 37. Nxe5+ Ke7 38. Qb4+ Qd6 39. Qb7+ Qc7 40. Rg7+ 1-0

[Event "Topusko op 4th"]
[Site "Topusko"]
[Date "2015.08.07"]
[Round "8"]
[White "Mudrinic, Nenad"]
[Black "Kolanovic, Kazimir"]
[Result "1/2-1/2"]
[WhiteElo "1745"]
[BlackElo "1874"]
[PlyCount "44"]
[EventDate "2015.08.01"]
[EventType "swiss"]
[EventRounds "9"]
[EventCountry "CRO"]
[SourceTitle "CBM 167 Extra"]
[Source "ChessBase"]
[SourceDate "2015.09.14"]
[SourceVersion "1"]
[SourceVersionDate "2015.09.14"]
[SourceQuality "1"]

1. c4 Nf6 2. Nc3 e6 3. g3 c5 4. Bg2 Nc6 5. e4 d6 6. Nge2 Be7 7. 0-0 0-0 8. d4 cxd4 9. Nxd4 a6 10. Nxc6 bxc6 11. e5 dxe5 12. Bxc6 Rb8 13. b3 Qc7 14. Bg2 Nd7 15. Bb2 Rd8 16. Qh5 g6 17. Qe2 f5 18. Rfd1 Nf6 19. Rxd8+ Bxd8 20. Rd1 Be7 21. Na4 Nd7 22. c5 e4 1/2-1/2

[Event "Topusko op 4th"]
[Site "Topusko"]
[Date "2015.08.06"]
[Round "7"]
[White "Kolanovic, Kazimir"]
[Black "Takac, Zvonko"]
[Result "0-1"]
[WhiteElo "1874"]
[BlackElo "2033"]
[PlyCount "46"]
[EventDate "2015.08.01"]
[EventType "swiss"]
[EventRounds "9"]
[EventCountry "CRO"]
[SourceTitle "CBM 167 Extra"]
[Source "ChessBase"]
[SourceDate "2015.09.14"]
[SourceVersion "1"]
[SourceVersionDate "2015.09.14"]
[SourceQuality "1"]

1. d4 d5 2. c4 c6 3. Nc3 Nf6 4. cxd5 cxd5 5. Bf4 g6 6. Nf3 Bg7 7. Bxb8 Rxb8 8. Qa4+ b5 9. Qb3 0-0 10. e3 b4 11. Ne5 bxc3 12. Qxb8 Qa5 13. b4 Qa3 14. Nd3 Bf5 15. Qb5 c2 16. Qc5 Rc8 17. Qxc8+ Bxc8 18. Rc1 Qc3+ 19. Ke2 Ba6 20. b5 Bxb5 21. Kf3 Bxd3 22. Bxd3 Qxd3 23. Kg3 Qe4 0-1

[Event "Topusko op 4th"]
[Site "Topusko"]
[Date "2015.08.05"]
[Round "6"]
[White "Vlahov, Hrvoje"]
[Black "Kolanovic, Kazimir"]
[Result "1-0"]
[WhiteElo "2032"]
[BlackElo "1874"]
[PlyCount "75"]
[EventDate "2015.08.01"]
[EventType "swiss"]
[EventRounds "9"]
[EventCountry "CRO"]
[SourceTitle "CBM 167 Extra"]
[Source "ChessBase"]
[SourceDate "2015.09.14"]
[SourceVersion "1"]
[SourceVersionDate "2015.09.14"]
[SourceQuality "1"]

1. Nc3 d5 2. e4 e6 3. d4 Nf6 4. Bg5 Be7 5. e5 Nfd7 6. h4 a6 7. Qg4 Bxg5 8. Qxg5 Qxg5 9. hxg5 c5 10. f4 Nc6 11. Nf3 cxd4 12. Ne2 Nc5 13. Nexd4 Nxd4 14. Nxd4 b5 15. Bd3 Nxd3+ 16. cxd3 Bb7 17. g6 h6 18. Rc1 Rc8 19. Rxc8+ Bxc8 20. gxf7+ Kxf7 21. Kd2 Bd7 22. Rc1 Rc8 23. Rxc8 Bxc8 24. b4 g6 25. Ke3 Bb7 26. g3 Ke7 27. a3 Kd7 28. Nf3 d4+ 29. Nxd4 Bd5 30. Ne2 Kc6 31. Kd4 Bf3 32. Nc3 Bg2 33. Ne4 Bxe4 34. Kxe4 Kd7 35. d4 Kc6 36. g4 h5 37. gxh5 gxh5 38. f5 1-0

[Event "Topusko op 4th"]
[Site "Topusko"]
[Date "2015.08.02"]
[Round "3"]
[White "Kljako, Damir"]
[Black "Kolanovic, Kazimir"]
[Result "1/2-1/2"]
[WhiteElo "2203"]
[BlackElo "1874"]
[PlyCount "30"]
[EventDate "2015.08.01"]
[EventType "swiss"]
[EventRounds "9"]
[EventCountry "CRO"]
[SourceTitle "CBM 167 Extra"]
[Source "ChessBase"]
[SourceDate "2015.09.14"]
[SourceVersion "1"]
[SourceVersionDate "2015.09.14"]
[SourceQuality "1"]

1. d4 d5 2. Nf3 Nf6 3. Bf4 Bg4 4. Nbd2 e6 5. h3 Bxf3 6. Nxf3 Bd6 7. Bxd6 Qxd6 8. c3 Nbd7 9. e3 0-0 10. Be2 b6 11. 0-0 c5 12. Bb5 cxd4 13. Bxd7 Nxd7 14. cxd4 Rac8 15. Rc1 Rc7 1/2-1/2

[Event "Topusko op 4th"]
[Site "Topusko"]
[Date "2015.08.01"]
[Round "1"]
[White "Krakar, Niko"]
[Black "Kolanovic, Kazimir"]
[Result "1/2-1/2"]
[WhiteElo "1628"]
[BlackElo "1874"]
[PlyCount "71"]
[EventDate "2015.08.01"]
[EventType "swiss"]
[EventRounds "9"]
[EventCountry "CRO"]
[SourceTitle "CBM 167 Extra"]
[Source "ChessBase"]
[SourceDate "2015.09.14"]
[SourceVersion "1"]
[SourceVersionDate "2015.09.14"]
[SourceQuality "1"]

1. e4 e6 2. d4 d5 3. e5 c5 4. Nf3 Nc6 5. c3 Qb6 6. Na3 cxd4 7. cxd4 Bb4+ 8. Bd2 Bxd2+ 9. Qxd2 a6 10. b3 Nge7 11. Nc2 Bd7 12. Be2 Nf5 13. g4 Nh6 14. Nh4 Qd8 15. g5 Nf5 16. Nxf5 exf5 17. h4 Be6 18. b4 0-0 19. Rh3 Rc8 20. Rc3 Nb8 21. Rc1 Rxc3 22. Qxc3 f4 23. Na1 Qd7 24. Qd2 Nc6 25. Nb3 Qe7 26. Nc5 f6 27. gxf6 gxf6 28. Nxa6 fxe5 29. dxe5 Nxe5 30. Nc7 Qxh4 31. Qd4 Qf6 32. Nxe6 Qxe6 33. Kd2 Rf6 34. Rg1+ Rg6 35. Rxg6+ Nxg6 36. Bd3 1/2-1/2

[Event "CRO-chT U20 23rd"]
[Site "Sv Filip i Jakov"]
[Date "2014.04.17"]
[Round "8.5"]
[White "Bogdanic, Antonela"]
[Black "Kolanovic, Kazimir"]
[Result "0-1"]
[WhiteElo "1502"]
[BlackElo "1867"]
[PlyCount "104"]
[EventDate "2014.04.14"]
[EventType "team-tourn"]
[EventRounds "11"]
[EventCountry "CRO"]
[SourceTitle "EXT 2016"]
[Source "ChessBase"]
[SourceDate "2015.10.08"]
[SourceVersion "1"]
[SourceVersionDate "2015.10.08"]
[SourceQuality "1"]

1. e4 Nf6 2. e5 Nd5 3. d4 d6 4. Bc4 e6 5. Nf3 Nb6 6. Bb3 d5 7. 0-0 c5 8. c3 Nc6 9. Be3 Nd7 10. Nbd2 Qb6 11. Rb1 Be7 12. Re1 a6 13. Nf1 Qa7 14. a4 b6 15. Ng3 Nf8 16. Bc2 g6 17. Bh6 Bb7 18. Ng5 Bxg5 19. Bxg5 Nd7 20. Qd2 h6 21. Bxh6 cxd4 22. cxd4 Nxd4 23. Qxd4 Rxh6 24. Qe3 Rh8 25. b4 0-0-0 26. a5 Kb8 27. axb6 Nxb6 28. Bd3 Rc8 29. Rec1 Nc4 30. Qxa7+ Kxa7 31. f4 Kb6 32. Ne2 Nd2 33. Rb2 Rxc1+ 34. Nxc1 Ne4 35. b5 a5 36. Ne2 Rc8 37. Kf1 Rc5 38. Ke1 Bc8 39. Nd4 Bd7 40. Nb3 Rc3 41. Ke2 a4 42. Nd4 Rc5 43. Bxe4 dxe4 44. Ke3 Bxb5 45. Kxe4 a3 46. Ra2 Rc3 47. Ne2 Bxe2 48. Rxe2 Kc5 49. Ra2 Kc4 50. g4 Kb3 51. Kd4 Kxa2 52. Kxc3 Kb1 0-1

[Event "CRO-chT U20 23rd"]
[Site "Sv Filip i Jakov"]
[Date "2014.04.17"]
[Round "7.3"]
[White "Kolanovic, Kazimir"]
[Black "Paleka, Danijel"]
[Result "1/2-1/2"]
[WhiteElo "1867"]
[BlackElo "1822"]
[PlyCount "76"]
[EventDate "2014.04.14"]
[EventType "team-tourn"]
[EventRounds "11"]
[EventCountry "CRO"]
[SourceTitle "EXT 2016"]
[Source "ChessBase"]
[SourceDate "2015.10.08"]
[SourceVersion "1"]
[SourceVersionDate "2015.10.08"]
[SourceQuality "1"]

1. Nf3 Nf6 2. g3 g6 3. Bg2 Bg7 4. 0-0 0-0 5. d3 d6 6. Nbd2 e5 7. e4 c6 8. Re1 Na6 9. Nf1 b5 10. a4 bxa4 11. Rxa4 Nc5 12. Ra2 Ne6 13. Be3 a5 14. N3d2 Ba6 15. Qa1 d5 16. exd5 cxd5 17. Rxa5 Bb7 18. Rxa8 Bxa8 19. Nb3 Ng4 20. Bd2 Qb6 21. Ne3 Nxe3 22. Bxe3 Qc7 23. Rc1 e4 24. dxe4 dxe4 25. c3 f5 26. Qb1 h6 27. Nd4 Bd5 28. Nxe6 Bxe6 29. Bf4 Qe7 30. Rd1 Rd8 31. Rxd8+ Qxd8 32. Qc1 g5 33. Be3 Be5 34. Qd2 Qa8 35. Qc1 Qd8 36. Qd2 Qa8 37. Qc1 Qd8 38. Qd2 Qa8 1/2-1/2

[Event "CRO-chT U20 23rd"]
[Site "Sv Filip i Jakov"]
[Date "2014.04.16"]
[Round "6.4"]
[White "Kolanovic, Kazimir"]
[Black "Djuric, Petar1111"]
[Result "1-0"]
[WhiteElo "1867"]
[BlackElo "1970"]
[PlyCount "107"]
[EventDate "2014.04.14"]
[EventType "team-tourn"]
[EventRounds "11"]
[EventCountry "CRO"]
[SourceTitle "EXT 2016"]
[Source "ChessBase"]
[SourceDate "2015.10.08"]
[SourceVersion "1"]
[SourceVersionDate "2015.10.08"]
[SourceQuality "1"]

1. Nf3 Nf6 2. g3 e6 3. Bg2 d5 4. 0-0 Be7 5. d3 c5 6. Nbd2 Nc6 7. e4 dxe4 8. dxe4 0-0 9. c3 e5 10. Qe2 Bg4 11. h3 Bxf3 12. Bxf3 a6 13. a4 h6 14. Rd1 Qc7 15. Nf1 Bd6 16. Ne3 Ne7 17. Nc4 Rad8 18. a5 Nc8 19. Bg2 Qe7 20. Ne3 Qc7 21. Qf3 Be7 22. Rxd8 Bxd8 23. Nf5 Nd6 24. Nxd6 Qxd6 25. Be3 Be7 26. Qd1 Qe6 27. Qa4 Rd8 28. Bf1 h5 29. Bg5 Nh7 30. Bxe7 Qxe7 31. Rd1 h4 32. Rxd8+ Qxd8 33. Qb3 hxg3 34. fxg3 Qe7 35. Bc4 Ng5 36. Bd5 Qd7 37. h4 Ne6 38. Qxb7 Qxb7 39. Bxb7 Nc7 40. Kf2 Kf8 41. Ke3 Ke7 42. Bc8 Kd8 43. Bg4 Ke7 44. Be2 g6 45. g4 f6 46. h5 Kf7 47. Kd3 Ne6 48. Kc4 gxh5 49. gxh5 Kg7 50. Bg4 Nf4 51. b4 cxb4 52. cxb4 Ng2 53. Bc8 Ne3+ 54. Kd3 1-0

[Event "CRO-chT2S"]
[Site "Makarska"]
[Date "2013.10.04"]
[Round "4.6"]
[White "Kolanovic, Kazimir"]
[Black "Knezevic, Igor"]
[Result "0-1"]
[WhiteElo "1858"]
[BlackElo "2164"]
[PlyCount "94"]
[EventDate "2013.04.05"]
[EventType "team-tourn"]
[EventRounds "9"]
[EventCountry "CRO"]
[SourceTitle "EXT 2014"]
[Source "ChessBase"]
[SourceDate "2013.11.20"]
[SourceVersion "1"]
[SourceVersionDate "2013.11.20"]
[SourceQuality "1"]
[WhiteTeam "Privlaka Sveti Vid"]
[BlackTeam "Split Mornar"]
[WhiteTeamCountry "CRO"]
[BlackTeamCountry "CRO"]

1. d4 d5 2. c4 e6 3. Nc3 c5 4. cxd5 exd5 5. e3 Nf6 6. Nf3 Nc6 7. Be2 Be7 8. 0-0 0-0 9. dxc5 Bxc5 10. a3 a6 11. Qc2 Qe7 12. Rd1 Be6 13. b4 Ba7 14. Bb2 Rac8 15. Rac1 Rfd8 16. Nd4 Nxd4 17. exd4 Ne4 18. Qd3 Bf5 19. Qe3 Qd6 20. Na4 Bb8 21. g3 Qf6 22. Rxc8 Rxc8 23. Rc1 Re8 24. Bf3 Bd7 25. Nc3 Ng5 26. Nxd5 Nxf3+ 27. Kg2 Qd6 28. Qxf3 Bc6 29. Rxc6 Qxc6 30. Ne3 Qxf3+ 31. Kxf3 f6 32. Ke2 Kf7 33. Kd3 Ke6 34. a4 b5 35. a5 Bd6 36. Bc3 g6 37. Ng4 f5 38. Ne3 Rc8 39. f4 h5 40. h3 Be7 41. Nc2 Rc4 42. Ne3 Rxb4 43. d5+ Kd7 44. Bxb4 Bxb4 45. Nc2 Bxa5 46. Kd4 Kd6 47. Ne1 Bxe1 0-1

[Event "CRO-ch U19"]
[Site "Vukovar"]
[Date "2013.07.24"]
[Round "4"]
[White "Bertusi, Misel"]
[Black "Kolanovic, Kazimir"]
[Result "1-0"]
[WhiteElo "1988"]
[BlackElo "1852"]
[PlyCount "47"]
[EventDate "2013.07.22"]
[EventType "swiss"]
[EventRounds "9"]
[EventCountry "CRO"]
[SourceTitle "EXT 2014"]
[Source "ChessBase"]
[SourceDate "2013.11.20"]
[SourceVersion "1"]
[SourceVersionDate "2013.11.20"]
[SourceQuality "1"]

1. e4 e6 2. d4 d5 3. exd5 Qxd5 4. c4 Qd8 5. Nf3 c5 6. Nc3 cxd4 7. Nxd4 a6 8. Be2 Nf6 9. 0-0 Bc5 10. Be3 Bxd4 11. Bxd4 0-0 12. Bc5 Re8 13. Qxd8 Rxd8 14. Rfd1 Re8 15. Bf3 Nbd7 16. Bd6 Nb6 17. b3 Nbd7 18. c5 Ra7 19. b4 Ra8 20. b5 Nb8 21. c6 bxc6 22. bxc6 h5 23. c7 h4 24. cxb8Q 1-0

[Event "CRO-chT2S"]
[Site "Makarska"]
[Date "2013.04.07"]
[Round "3.5"]
[White "Kolanovic, Kazimir"]
[Black "Bubicic, Josip"]
[Result "1/2-1/2"]
[WhiteElo "1858"]
[BlackElo "2070"]
[PlyCount "82"]
[EventDate "2013.04.05"]
[EventType "team-tourn"]
[EventRounds "9"]
[EventCountry "CRO"]
[SourceTitle "EXT 2014"]
[Source "ChessBase"]
[SourceDate "2013.11.20"]
[SourceVersion "1"]
[SourceVersionDate "2013.11.20"]
[SourceQuality "1"]
[WhiteTeam "Privlaka Sveti Vid"]
[BlackTeam "Zadar"]
[WhiteTeamCountry "CRO"]
[BlackTeamCountry "CRO"]

1. d4 Nf6 2. c4 c5 3. e3 e6 4. Nf3 d5 5. b3 Nc6 6. Bb2 cxd4 7. exd4 Bb4+ 8. Bc3 Qa5 9. Bxb4 Nxb4 10. Nbd2 Ne4 11. a3 Nxd2 12. Nxd2 Nc6 13. b4 Qd8 14. Nb3 dxc4 15. Bxc4 0-0 16. 0-0 b6 17. Re1 Qf6 18. b5 Ne7 19. Qg4 Bb7 20. Bd3 Rac8 21. Re3 g6 22. Nd2 Rfd8 23. Nb3 Rc7 24. Be4 Bxe4 25. Qxe4 Qf5 26. Qxf5 Nxf5 27. Rd3 Rcd7 28. Rad1 h5 29. a4 Rd5 30. f4 f6 31. R3d2 Kf7 32. Kf2 Nd6 33. Kf3 Rc8 34. Rc1 Rxc1 35. Nxc1 e5 36. fxe5 fxe5 37. Nb3 e4+ 38. Ke2 Nf5 39. Rc2 Rd7 40. Rc6 Kg7 41. Rc2 Kh6 1/2-1/2

[Event "CRO-ch U19"]
[Site "Topusko"]
[Date "2012.07.29"]
[Round "9"]
[White "Kolanovic, Kazimir"]
[Black "Bacetic, Marin"]
[Result "1/2-1/2"]
[WhiteElo "1833"]
[BlackElo "1811"]
[PlyCount "27"]
[EventDate "2012.??.??"]
[EventType "swiss"]
[EventRounds "9"]
[EventCountry "CRO"]
[SourceTitle "EXT 2013"]
[Source "ChessBase"]
[SourceDate "2012.11.22"]
[SourceVersion "1"]
[SourceVersionDate "2012.11.22"]
[SourceQuality "1"]

1. d4 Nf6 2. c4 g6 3. Nc3 Bg7 4. e4 d6 5. f3 0-0 6. Be3 a6 7. Qd2 e5 8. dxe5 dxe5 9. Qxd8 Rxd8 10. Nd5 Nxd5 11. cxd5 c6 12. Bb6 Re8 13. Bc4 Nd7 14. Be3 1/2-1/2

[Event "CRO-chT U20 21st"]
[Site "Topusko"]
[Date "2012.04.04"]
[Round "7.14"]
[White "Kolanovic, Kazimir"]
[Black "Makovec, Bruno"]
[Result "0-1"]
[WhiteElo "1801"]
[BlackElo "1777"]
[PlyCount "98"]
[EventDate "2012.04.01"]
[EventType "team-tourn"]
[EventRounds "11"]
[EventCountry "CRO"]
[SourceTitle "EXT 2013"]
[Source "ChessBase"]
[SourceDate "2012.11.22"]
[SourceVersion "1"]
[SourceVersionDate "2012.11.22"]
[SourceQuality "1"]

1. d4 Nf6 2. c4 c5 3. e3 g6 4. Nf3 Bg7 5. Nc3 0-0 6. Be2 cxd4 7. exd4 d5 8. Be3 Nc6 9. Ne5 Be6 10. Nxc6 bxc6 11. c5 Qc7 12. b4 Ne4 13. Qc2 Nxc3 14. Qxc3 Bd7 15. 0-0 e5 16. a4 f5 17. f4 exd4 18. Bxd4 Bxd4+ 19. Qxd4 Rae8 20. Bd3 Be6 21. b5 Qa5 22. Rfb1 Rb8 23. Rb4 a6 24. b6 Rb7 25. Kf1 Bf7 26. Ke2 Re8+ 27. Kd1 Rbe7 28. Kc2 Be6 29. Rab1 Rb7 30. Kc3 Rbe7 31. Kc2 Rb7 32. Qf2 Bf7 33. Kc3 Rbe7 34. Kd4 Rb7 35. Qf1 Ra8 36. h3 h5 37. Qg1 Be6 38. Ke5 Re8 39. Kf6 Bf7 40. Qd4 Ree7 41. Rg1 Re6+ 42. Kg5 Re8 43. g4 Rbe7 44. gxf5 Re4 45. Bxe4 Rxe4 46. Qxe4 dxe4 47. Rgb1 Qxc5 48. Kf6 Kf8 49. Rxe4 Qxf5# 0-1

[Event "CRO-chT U20 21st"]
[Site "Topusko"]
[Date "2012.04.02"]
[Round "4.54"]
[White "Kolanovic, Kazimir"]
[Black "Samanic, Verena"]
[Result "1-0"]
[WhiteElo "1801"]
[BlackElo "1644"]
[PlyCount "71"]
[EventDate "2012.04.01"]
[EventType "team-tourn"]
[EventRounds "11"]
[EventCountry "CRO"]
[SourceTitle "EXT 2013"]
[Source "ChessBase"]
[SourceDate "2012.11.22"]
[SourceVersion "1"]
[SourceVersionDate "2012.11.22"]
[SourceQuality "1"]

1. d4 d5 2. c4 e6 3. Nc3 Nf6 4. cxd5 exd5 5. Bg5 Be7 6. e3 c6 7. Qc2 h6 8. Bxf6 Bxf6 9. b4 Qe7 10. Nxd5 Qd6 11. Nxf6+ Qxf6 12. Nf3 0-0 13. Bd3 Be6 14. 0-0 Nd7 15. Nd2 Qe7 16. Rab1 Nf6 17. Rfc1 Rac8 18. Bf5 Rfd8 19. Bxe6 Qxe6 20. Nc4 Ne4 21. Nb2 Ng5 22. Nd3 Qg4 23. Nf4 Nf3+ 24. Kh1 Nh4 25. Qe2 Qf5 26. Qh5 Qf6 27. Qe2 Re8 28. Qf1 Qf5 29. Rc5 Qe4 30. Qd3 Qe7 31. Rbc1 a6 32. a4 Ra8 33. Qf1 Qd7 34. Nd3 Re4 35. Ne5 Qd6 36. Qd3 1-0

[Event "CRO-ch U17"]
[Site "Topusko"]
[Date "2011.07.30"]
[Round "9"]
[White "Turcin, Lovro"]
[Black "Kolanovic, Kazimir"]
[Result "0-1"]
[WhiteElo "1705"]
[BlackElo "1765"]
[PlyCount "69"]
[EventDate "2011.07.24"]
[EventType "swiss"]
[EventRounds "9"]
[EventCountry "CRO"]
[SourceTitle "EXT 2012"]
[Source "ChessBase"]
[SourceDate "2011.11.24"]
[SourceVersion "1"]
[SourceVersionDate "2011.11.24"]
[SourceQuality "1"]

1. e4 e6 2. Nc3 c5 3. f4 Nc6 4. Nf3 Nge7 5. Bb5 a6 6. Bxc6 bxc6 7. 0-0 d5 8. d3 g6 9. e5 h5 10. Kh1 Nf5 11. Qe2 a5 12. b3 Ba6 13. Rd1 Be7 14. Na4 Bb5 15. Nc3 Nd4 16. Qf2 Qb6 17. Nxd4 cxd4 18. Ne2 c5 19. a4 Ba6 20. Bb2 0-0 21. h3 h4 22. g4 hxg3 23. Nxg3 Bb7 24. Rg1 Bh4 25. Qf3 Bxg3 26. Qxg3 Kg7 27. Ba3 Rh8 28. Qg5 Rxh3+ 29. Kg2 Rah8 30. Rh1 Rxh1 31. Rxh1 Rxh1 32. Kxh1 Qc7 33. Bc1 Kf8 34. Qf6 Ke8 35. Ba3 0-1

[Event "Mediterranean op 3rd"]
[Site "Rijeka"]
[Date "2009.11.29"]
[Round "3"]
[White "Kolanovic, Kazimir"]
[Black "Draskovic, Luka"]
[Result "0-1"]
[WhiteElo "1673"]
[BlackElo "2113"]
[PlyCount "62"]
[EventDate "2009.11.27"]
[EventType "swiss"]
[EventRounds "9"]
[EventCountry "CRO"]
[SourceTitle "CBM 133 Extra"]
[Source "ChessBase"]
[SourceDate "2010.01.05"]
[SourceVersion "1"]
[SourceVersionDate "2010.01.05"]
[SourceQuality "1"]

1. d4 Nf6 2. c4 e6 3. a3 d5 4. Nc3 Be7 5. Bf4 c6 6. e3 0-0 7. Nf3 Nbd7 8. cxd5 exd5 9. Bd3 Re8 10. h3 Nf8 11. 0-0 Ng6 12. Bh2 Bd6 13. Rb1 Ne4 14. Qc2 f5 15. Nd2 Bxh2+ 16. Kxh2 Nh4 17. Be2 Qd6+ 18. Kh1 Qg6 19. Bf3 Nxd2 20. Qxd2 Nxf3 21. gxf3 Qh5 22. Kg2 f4 23. Rh1 Qg5+ 24. Kf1 fxe3 25. fxe3 Rxe3 26. Qg2 Qf6 27. Kf2 Re7 28. Ne2 Bf5 29. Rbd1 Rae8 30. Rd2 Qh4+ 31. Qg3 Rxe2+ 0-1